El origen de la familia, la propiedad privada y el Estado : en relación con las investigaciones de L.H. Morgan /

保存先:
書誌詳細
第一著者: Engels, Friedrich (autor)
フォーマット: 図書
言語:スペイン語
出版事項: Moscú, Rusia : Ediciones en Lenguas Extranjeras, fecha no identificada
タグ: タグ追加
タグなし, このレコードへの初めてのタグを付けませんか!

MARC

LEADER 00000nam^a2200000^a^4500
001 000621451
005 20250925000000.0
009 20260310133859.893
037 |a Acervo ITESO - Biblioteca 
041 |a ESP 
091 |a FOB. 01904 
100 |a Engels, Friedrich  |e (autor) 
245 1 3 |a El origen de la familia, la propiedad privada y el Estado :  |b en relación con las investigaciones de L.H. Morgan / 
264 1 |a Moscú, Rusia :  |b Ediciones en Lenguas Extranjeras,  |c fecha no identificada 
300 |a 213 p. 
336 |a texto  |b txt  |2 rdacontenido 
337 |a sin mediación  |b n  |2 rdamedio 
338 |a volumen  |b nc  |2 rdasoporte 
649 |a XX 
910 |a Fondo Carlos de Obeso Orendain 
920 |a Impresos - Libros 
930 |a Fondos Especiales 
905 |a 147 
901 |a 621451-10  |b IT2  |c ESP  |i D  |u 20250925 
902 |a https://opac.biblio.iteso.mx/vufind/Record/000621451